[Event "UGA-chT 2324"]
[Site "Kampala"]
[Date "2023.10.29"]
[Round "11.4"]
[White "Odiel, James Aban"]
[Black "Kibuuka, Denis"]
[Result "0-1"]
[WhiteElo "1873"]
[BlackElo "1532"]
[PlyCount "36"]
[EventDate "2023.07.16"]
[EventType "team-swiss"]
[EventRounds "14"]
[EventCountry "UGA"]
[SourceTitle "EXT 2025"]
[Source "ChessBase"]
[SourceDate "2024.10.14"]
[SourceVersion "1"]
[SourceVersionDate "2024.10.14"]
[SourceQuality "1"]
[WhiteTeam "Soroti CC"]
[BlackTeam "Civil Aviation Authority CC"]
[WhiteTeamCountry "UGA"]
[BlackTeamCountry "UGA"]

1. e4 c5 2. Nc3 Nc6 3. Nf3 e5 4. Bc4 Be7 5. Nd5 Nf6 6. 0-0 0-0 7. d3 d6 8. a3 Bg4 9. c3 Nxd5 10. exd5 Nb8 11. h3 Bh5 12. g4 Bg6 13. Be3 Nd7 14. Qd2 f5 15. Qe2 f4 16. Bc1 h5 17. Nh2 hxg4 18. Nxg4 e4 0-1

[Event "Kampala Rwabushenyi Memorial"]
[Site "Kampala"]
[Date "2021.12.05"]
[Round "8"]
[White "Odiel, James Aban"]
[Black "Etoru, Amos"]
[Result "0-1"]
[WhiteElo "1840"]
[BlackElo "1900"]
[PlyCount "74"]
[EventDate "2021.12.02"]
[EventType "swiss"]
[EventRounds "8"]
[EventCountry "UGA"]
[SourceTitle "EXT 2023"]
[Source "ChessBase"]
[SourceDate "2022.10.05"]
[SourceVersion "1"]
[SourceVersionDate "2022.10.05"]
[SourceQuality "1"]

1. e4 c5 2. Nc3 d6 3. Nf3 Nf6 4. g3 Nc6 5. Bg2 g6 6. 0-0 Bg7 7. Re1 0-0 8. d3 Rb8 9. Rb1 b5 10. e5 dxe5 11. Nxe5 Nxe5 12. Rxe5 Nd7 13. Re1 Bb7 14. Ne4 Re8 15. Bf4 e5 16. Be3 Qc7 17. h4 f5 18. Ng5 Bxg2 19. Kxg2 h6 20. Nh3 Nf6 21. Qf3 Rbd8 22. h5 Nxh5 23. g4 fxg4 24. Qxg4 Qc6+ 25. Kh2 Kh7 26. Rg1 Rd6 27. Rg2 Rf8 28. Rbg1 Nf4 29. Rg3 Rdf6 30. Re1 Nxh3 31. Qxh3 Rf3 32. Kg1 Rxg3+ 33. Qxg3 a6 34. Kh2 h5 35. Qg5 c4 36. Qe7 cxd3 37. cxd3 Re8 0-1

[Event "Kampala Rwabushenyi Memorial"]
[Site "Kampala"]
[Date "2021.12.04"]
[Round "5"]
[White "Ikonde, Arnold Nekemiah"]
[Black "Odiel, James Aban"]
[Result "0-1"]
[WhiteElo "1435"]
[BlackElo "1840"]
[PlyCount "66"]
[EventDate "2021.12.02"]
[EventType "swiss"]
[EventRounds "8"]
[EventCountry "UGA"]
[SourceTitle "EXT 2023"]
[Source "ChessBase"]
[SourceDate "2022.10.05"]
[SourceVersion "1"]
[SourceVersionDate "2022.10.05"]
[SourceQuality "1"]

1. e4 c6 2. d4 d5 3. exd5 cxd5 4. c4 Nf6 5. Nf3 g6 6. Nc3 Bg7 7. cxd5 0-0 8. Bc4 Nbd7 9. 0-0 a6 10. Bg5 b5 11. Bb3 Nb6 12. Re1 Bb7 13. Qe2 Re8 14. a3 Nfxd5 15. Nxd5 Nxd5 16. Rad1 Qd6 17. Qd2 e6 18. Bh6 Bh8 19. h4 Ne7 20. Bf4 Qd7 21. Ne5 Qd8 22. Nxf7 Kxf7 23. Bxe6+ Kf8 24. Bh6+ Bg7 25. Qf4+ Nf5 26. Bxg7+ Kxg7 27. g4 Qxh4 28. d5 Kh8 29. Qe5+ Ng7 30. g5 Rxe6 31. Qc7 Qxg5+ 32. Kf1 Rxe1+ 33. Rxe1 Bxd5 0-1

[Event "UGA-chT 2122"]
[Site "Kampala"]
[Date "2021.11.28"]
[Round "6.2"]
[White "Odiel, James Aban"]
[Black "Bitarinsa, Arthur"]
[Result "1-0"]
[WhiteElo "1840"]
[BlackElo "1608"]
[PlyCount "57"]
[EventDate "2021.10.24"]
[EventType "team-swiss"]
[EventRounds "14"]
[EventCountry "UGA"]
[SourceTitle "EXT 2023"]
[Source "ChessBase"]
[SourceDate "2022.10.05"]
[SourceVersion "1"]
[SourceVersionDate "2022.10.05"]
[SourceQuality "1"]
[WhiteTeam "Makindye CC"]
[BlackTeam "MUK CC"]
[WhiteTeamCountry "UGA"]
[BlackTeamCountry "UGA"]

1. e4 e5 2. Nf3 Nf6 3. Nc3 Nc6 4. a3 d5 5. exd5 Nxd5 6. Bb5 Nxc3 7. bxc3 Bd6 8. Bxc6+ bxc6 9. h3 0-0 10. 0-0 f5 11. Qe2 Qf6 12. d4 e4 13. Nd2 a5 14. Re1 Ba6 15. Qd1 Rab8 16. Nf1 g5 17. Qh5 h6 18. h4 Be7 19. f3 c5 20. fxe4 fxe4 21. Be3 Rb2 22. Nd2 Rxc2 23. Nxe4 Qf5 24. Ng3 Qd5 25. Qg6+ Kh8 26. Qxh6+ Kg8 27. Qg6+ Kh8 28. Qxc2 gxh4 29. Qe4 1-0

[Event "Kampala Kireka op 4th"]
[Site "Kampala"]
[Date "2019.12.29"]
[Round "5"]
[White "Odiel, James Aban"]
[Black "Basangwa, Johnson Michael"]
[Result "0-1"]
[WhiteElo "1840"]
[BlackElo "1614"]
[PlyCount "112"]
[EventDate "2019.12.27"]
[EventType "swiss"]
[EventRounds "8"]
[EventCountry "UGA"]
[SourceTitle "EXT 2022"]
[Source "ChessBase"]
[SourceDate "2021.10.06"]
[SourceVersion "1"]
[SourceVersionDate "2021.10.06"]
[SourceQuality "1"]

1. e4 c5 2. Bc4 e6 3. Nc3 Nc6 4. Nf3 d6 5. 0-0 Nf6 6. Re1 Be7 7. a3 0-0 8. d3 h6 9. Ne2 d5 10. exd5 exd5 11. Ba2 Bg4 12. Ng3 Nd4 13. Be3 Nxf3+ 14. gxf3 Be6 15. Bf4 Qb6 16. Rb1 Rad8 17. Kh1 Bd6 18. Qd2 Qc7 19. Bxd6 Qxd6 20. Rg1 Kh7 21. Rbe1 b6 22. d4 cxd4 23. Qxd4 Qc5 24. Qd3+ Kh8 25. Rg2 Bh3 26. c3 Bxg2+ 27. Kxg2 Rfe8 28. Rd1 Rd6 29. Bb1 g6 30. b4 Qc7 31. Qd4 Kg8 32. Ne4 Nxe4 33. fxe4 Rc8 34. exd5 Qxc3 35. Qf4 Rcd8 36. Be4 Qxa3 37. Qxh6 Qxb4 38. Bf3 a5 39. h4 a4 40. Rh1 Qd4 41. h5 Qg7 42. Qd2 gxh5+ 43. Kf1 Rg6 44. Bxh5 Qa1+ 45. Bd1 a3 46. Rg1 Rxg1+ 47. Kxg1 a2 48. Kf1 Rd6 49. Qc2 Qb1 50. Qc8+ Kh7 51. Kg2 a1Q 52. Bc2+ Rg6+ 53. Bxg6+ Qxg6+ 54. Kf3 Qh1+ 55. Ke3 Qge4+ 56. Kd2 Qhe1# 0-1